Coronation Street - Last Names - Statistics

General Stats
  • This quiz has been taken 123 times
  • The average score is 11 of 20
Answer Stats
Hint Answer % Correct
Ken Barlow
99%
Elsie Tanner
90%
Roy Cropper
87%
Curly Watts
80%
Mike Baldwin
79%
Ena Sharples
78%
Bet Lynch
75%
Gary Windass
71%
Percy Sugden
64%
Albert Tatlock
62%
Betty Turpin
61%
Craig Tinker
56%
Minnie Caldwell
29%
Emily Nugent
29%
Alma Sedgewick
28%
Glenda Shuttleworth
28%
Sally Seddon
27%
Rita Littlewood
25%
Zeedan Nazir
22%
Hayley Patterson
12%
No matching quizzes found
Score Distribution
Percent of People with Each Score
Percentile by Number Answered
Your Score History
You have not taken this quiz